[Event "Balabanovo Winter Rating"]
[Site "Balabanovo"]
[Date "2012.12.09"]
[Round "4"]
[White "Polkovnikov, Nikolay"]
[Black "Lauda, Alexandr"]
[Result "1/2-1/2"]
[WhiteElo "2048"]
[BlackElo "1997"]
[PlyCount "55"]
[EventDate "2012.12.08"]
[EventType "tourn"]
[EventRounds "11"]
[EventCountry "RUS"]
[SourceTitle "EXT 2023"]
[Source "ChessBase"]
[SourceDate "2022.10.05"]
[SourceVersion "1"]
[SourceVersionDate "2022.10.05"]
[SourceQuality "1"]

1. e4 c5 2. Nf3 Nc6 3. d4 cxd4 4. Nxd4 e5 5. Nf3 Nf6 6. Bc4 Bc5 7. 0-0 d6 8. Nc3 h6 9. a3 a5 10. Qd3 Bg4 11. Nb5 Qb6 12. Be3 d5 13. Bxc5 Qxc5 14. Nc7+ Ke7 15. Nxd5+ Nxd5 16. Qxd5 Qxd5 17. Bxd5 Bxf3 18. gxf3 Nd4 19. Kg2 Ra6 20. f4 exf4 21. c3 Rg6+ 22. Kh1 Nf3 23. b4 axb4 24. axb4 Rc8 25. Ra7 Rxc3 26. Rxb7+ Kd6 27. Rd1 Rd3 28. Rc1 1/2-1/2

[Event "Balabanovo Winter Rating"]
[Site "Balabanovo"]
[Date "2012.12.09"]
[Round "3"]
[White "Zajtzeva, Viktoria1111"]
[Black "Polkovnikov, Nikolay"]
[Result "1-0"]
[WhiteElo "1782"]
[BlackElo "2048"]
[PlyCount "149"]
[EventDate "2012.12.08"]
[EventType "tourn"]
[EventRounds "11"]
[EventCountry "RUS"]
[SourceTitle "EXT 2023"]
[Source "ChessBase"]
[SourceDate "2022.10.05"]
[SourceVersion "1"]
[SourceVersionDate "2022.10.05"]
[SourceQuality "1"]

1. Nf3 Nf6 2. g3 g6 3. Bg2 Bg7 4. 0-0 0-0 5. d3 d6 6. Nbd2 c6 7. e4 Bg4 8. c3 e5 9. Re1 Nbd7 10. Qc2 Nc5 11. Nc4 Qc7 12. Ne3 Bd7 13. h4 h6 14. Nh2 h5 15. b3 Rfe8 16. Ba3 Ne6 17. Nc4 Bf8 18. Nf3 Ng4 19. Ne3 Nxe3 20. Rxe3 c5 21. Bb2 Rac8 22. Qd1 Bg7 23. Nd2 b5 24. Re1 a5 25. Nf1 Bc6 26. Ne3 Bh6 27. Nc2 b4 28. c4 Ra8 29. Bh3 a4 30. Bxe6 fxe6 31. Bc1 Bxc1 32. Qxc1 Kh7 33. Re3 Rf8 34. Ne1 Rf6 35. Nf3 Qa7 36. Ng5+ Kg8 37. bxa4 Qxa4 38. Rf3 Rxf3 39. Nxf3 Rf8 40. Kg2 Kg7 41. Ng5 Rf6 42. Qb2 Qa8 43. f4 Qa3 44. Qxa3 bxa3 45. fxe5 dxe5 46. Rc1 Ba4 47. Rc3 Bd1 48. Rxa3 Be2 49. Rc3 Bf1+ 50. Kg1 Be2 51. a4 Bg4 52. a5 Rf8 53. a6 Ra8 54. Ra3 Kf6 55. a7 Ke7 56. Kf2 Kd7 57. Ra6 Kc7 58. Nxe6+ Bxe6 59. Rxe6 Rxa7 60. Rxg6 Ra2+ 61. Ke3 Rg2 62. Rg5 Kd6 63. Rxh5 Rxg3+ 64. Ke2 Rh3 65. Rh8 Ke6 66. h5 Rh2+ 67. Ke3 Rh3+ 68. Kd2 Rh2+ 69. Kc3 Rh3 70. h6 Kf6 71. h7 Kg7 72. Re8 Rh5 73. h8Q+ Rxh8 74. Rxh8 Kxh8 75. Kb3 1-0